000 00484nam a2200169 i 4500
001 40884
003 ES-MaACL
005 20230906160331.0
007 t|
008 030307s1966 sp ||||1| spa d
100 1 _aCarretero Pérez, Adolfo.
_935727
245 1 0 _aComentarios a la Ley de expropiación forzosa /
_cAdolfo Carretero Pérez.
250 _a[1ª ed.].
260 _a[Madrid :
_bSantillana,
_c1966]
300 _a334 p. ;
_c22 cm.
852 _aES-MaACL
_jC-29877
_bR.60339
999 _c40884
_d40884